000 00385nam a22001337a 4500
008 230623b xxu||||| |||| 00| 0 eng d
020 _a9966900071
082 _a330.
_bNDU 1997
245 _aPrice and Excghange Rate Dynamics in Kenya: An Empirical Investigation (1970-1993)
260 _bAfrican Economic Research Consortium
_c1997
300 _a38p
440 _n58
942 _2ddc
_cBK
999 _c2400
_d2400